| 000 | 02061nam a2200541 c 4500 | ||
|---|---|---|---|
| 001 | 8274 | ||
| 003 | ES-MaCES | ||
| 005 | 20150925134927.0 | ||
| 008 | 990210s1997 cl d i100 | spa d | ||
| 020 | _a9213214626 | ||
| 035 | _aCES19990001146m | ||
| 040 |
_aES-MaCES _bspa _cES-MaCES |
||
| 245 | 0 | 3 |
_aLa brecha de la equidad _b: América Latina, el Caribe y la cumbre social _c[Naciones Unidas, Comisión Económica para América Latina y el Caribe (CEPAL)] |
| 246 | 3 | _aThe equity gap: Latin America, the Caribbean and the social summit | |
| 250 | _a1ª ed | ||
| 260 |
_aSantiago de Chile _bNaciones Unidas _c1997 |
||
| 300 |
_a218 p. _bgráf. _c27 cm |
||
| 490 | 1 |
_aLibros de la CEPAL _v44 |
|
| 500 | _aÍndices | ||
| 500 | _aPubl. simultáneamente en inglés bajo el tít.: The equity gap: Latin America, the Caribbean and the social summit | ||
| 504 | _aBibliografía: p. 209-218 | ||
| 541 | _cCompra | ||
| 611 | 2 | 4 |
_aCumbre Centroamericana para el Desarrollo Social _n1ª _d1995 _cCoronado, San José, Costa Rica _9410 |
| 630 | 0 | 4 |
_aCumbre Social _d1995 _933254 |
| 650 | 4 |
_apobreza _927112 |
|
| 650 | 4 |
_adistribución del ingreso _927109 |
|
| 650 | 4 |
_afomento del empleo _930270 |
|
| 650 | 4 |
_aintegración social _927283 |
|
| 650 | 4 |
_areforma económica _929791 |
|
| 650 | 4 |
_areforma social _927030 |
|
| 650 | 4 |
_apolítica económica _927025 |
|
| 650 | 4 |
_apolítica social _927029 |
|
| 650 | 4 |
_apaís en desarrollo _927092 |
|
| 650 | 4 |
_aAmérica Latina _926882 |
|
| 650 | 4 |
_aCaribe _926861 |
|
| 650 | 4 |
_apapel de la ONU _929145 |
|
| 650 | 4 |
_aconferencia _927013 |
|
| 650 | 4 |
_acuadros estadísticos _928890 |
|
| 653 | 1 | 0 | _aCooperación al desarrollo |
| 650 | 4 |
_929234 _adesarrollo económico y social |
|
| 710 | 2 |
_aNaciones Unidas _eed. _94567 |
|
| 710 | 2 |
_aNaciones Unidas _bComisión Económica para América Latina y el Caribe _94573 |
|
| 767 | 0 |
_tThe equity gap _w(ES-MaCES)8726 |
|
| 830 | 0 |
_aLibros de la CEPAL _v44 _932813 |
|
| 902 | _aLIB Libro | ||
| 942 |
_2CES _cBK _h1.2. |
||
| 999 |
_c8274 _d8274 |
||